| 000 | 00754cam a22002411 4500 | ||
|---|---|---|---|
| 001 | ne 62001135 | ||
| 003 | DLC | ||
| 005 | 20260227111736.0 | ||
| 008 | 900709s1949 ua d 000 0 fre | ||
| 010 | _ane 62001135 | ||
| 035 | _a(OCoLC)21982405 | ||
| 040 |
_aDLC _cWaU _dWaU _dDLC |
||
| 041 | 0 | _afreara | |
| 042 | _apremarc | ||
| 050 | 0 | 0 |
_aK52.F7 _bS562 1949 |
| 100 | 1 | _aShaybūb, Khalīl. | |
| 245 | 0 | 0 |
_aDictionnaire juridique _c[par] Khalil Chéboub. Préf. par Abdel Razzak el Sanhouri. |
| 260 |
_aal-Iskandarīyah, _bMaṭbaʻat Dār Nashr al-Thaqāfah, _c1949. |
||
| 300 |
_aixx, (i. e. xix), 728 p. _c24 cm. |
||
| 650 | 0 |
_aLaw _xDictionaries _xFrench. |
|
| 650 | 0 |
_aFrench language _xDictionaries _xArabic. |
|
| 740 | 0 | _aMuʻjam al-qānūnī. | |
| 999 |
_c45201 _d45201 |
||